UEFA EURO 2012 Qualifying Match England 0:0 Montenegro - Lineups - Statistics

General Stats
  • This quiz has been taken 13 times
  • The average score is 19 of 38
Answer Stats
Position Answer % Correct
GK Joe Hart
92%
CB (C) Rio Ferdinand
92%
SS Wayne Rooney
83%
RM Adam Johnson
75%
RB Glen Johnson
75%
CM Steven Gerrard
75%
LB Ashley Cole
67%
DF Gary Cahill
67%
Coach Fabio Capello
58%
CF (70') Peter Crouch
58%
RB Stefan Savić
58%
AM (C) (83') Branko Bošković
50%
RM Elsad Zverotić
50%
FW (83') Fatos Bećiraj
50%
LB Milan Jovanović
50%
CB Miodrag Džudović
50%
GK Mladen Božović
50%
LM Simon Vukčević
50%
GK Srđan Blažić
50%
Coach Zlatko Kranjčar
50%
FW (77') Andrija Delibašić
42%
LM (74') Ashley Young
42%
GK Ben Foster
42%
DM Gareth Barry
42%
MF Jack Wilshere
42%
CB Marko Baša
42%
DM Milorad Peković
42%
CF (77') Radomir Đalović
42%
CB Joleon Lescott
33%
DM (62') Mitar Novaković
33%
MF (62') Mladen Kašćelan
33%
DF Radoslav Batak
33%
MF Stewart Downing
33%
FW (70') Kevin Davies
25%
DF Luka Pejović
25%
DF Žarko Tomašević
25%
MF (74') Shaun Wright-Phillips
17%
DF Stephen Warnock
17%
No matching quizzes found
Score Distribution
Percent of People with Each Score
Percentile by Number Answered
Your Score History
You have not taken this quiz